Univers Patxot : Masia Mariona, Parc Natural del Montseny / [redacció text: Georgina Castillo] Masia Mariona, Parc Natural del Montseny / [redacció text:
Descripción Física:
83 p. : il. ; 24 cm
Otros Autores:
Masia Mariona (Mosqueroles)
MARC
| LEADER | 00000nam a2200000Ia 4500 | ||
|---|---|---|---|
| 001 | 23633 | ||
| 008 | 160829s9999 xx 000 0 cat d | ||
| 080 | |a Bib-11 | ||
| 100 | |a Castillo, Georgina |9 50489 | ||
| 245 | |a Univers Patxot : |b Masia Mariona, Parc Natural del Montseny / [redacció text: |b Georgina Castillo] | ||
| 260 | |a Barcelona : |b Diputació de Barcelona, DL 2012 | ||
| 300 | |a 83 p. : |b il. ; |c 24 cm | ||
| 590 | |a Reimpressions: 2014 | ||
| 650 | |a Patxot i Jubert, Rafael, 1872-1964 |x Exposicions |9 50490 | ||
| 650 | |a Masia Mariona (Mosqueroles) |x Exposicions |9 50491 | ||
| 700 | |a Masia Mariona (Mosqueroles) |9 50492 | ||
| 710 | 1 | |a Barcelona (Catalunya : Província). |b Àrea de Territori i Sostenibilitat |9 52770 | |
| 901 | |a Arxiu | ||
| 942 | |n 1 | ||
| 952 | |0 0 |1 0 |4 0 |6 BIB11 |7 1 |9 56066 |a Arxiu |b Arxiu |d 2016-12-01 |l 0 |o Bib-11 |p 23633 |r 2016-12-01 00:00:00 |w 2016-12-01 |y ARXIU | ||
| 999 | |c 59940 |d 59940 | ||